Normal view
MARC view
- الاسلام-تراجم-الرهبان-الجزيرة العربية-تراجم-ورقة بن نوفل
Entry Topical Term
001 - CONTROL NUMBER
- control field: 7537
003 - CONTROL NUMBER IDENTIFIER
- control field: JO-AjAnu
005 - DATE AND TIME OF LATEST TRANSACTION
- control field: 20230606071522.0
008 - FIXED-LENGTH DATA ELEMENTS
- fixed length control field: 230606|| aca||aabn | a|a d
040 ## - CATALOGING SOURCE
- Original cataloging agency: JO-AjAnu
- Transcribing agency: JO-AjAnu
150 ## - HEADING--TOPICAL TERM
- Topical term or geographic name entry element: الاسلام-تراجم-الرهبان-الجزيرة العربية-تراجم-ورقة بن نوفل
670 ## - SOURCE DATA FOUND
- Source citation: Work cat.: (JO-AjAnu)3897: حسين،غسان عزيز/جمع وتحقيق وشرح, author 7536, ورقة بن نوفل مبشر الرسول صلى الله عليه وسلم :عصره-حياته-شعره